[Event "Turkish Club Cup 2019"]
[Site "Konya"]
[Date "2019.07.17"]
[Round "2"]
[White "Gokcek, Kursat Bugra"]
[Black "Karahan, Anil"]
[Result "1-0"]
[WhiteElo "2150"]
[BlackElo "1889"]
[Annotator "TA"]
[PlyCount "99"]
[EventDate "2019.07.16"]
[EventType "team-tourn"]
[EventCountry "TUR"]
[SourceTitle "playchess.com"]
[Source "ChessBase"]
[SourceQuality "1"]

{[%evp 11,103,0,17,-10,34,-18,21,24,23,-1,0,-34,-9,-47,-37,-96,-63,-116,-27,-43,41,39,32,32,28,0,0,0,1,0,12,12,7,10,0,0,0,0,0,0,0,0,0,-8,0,0,0,0,0,0,8,0,0,0,0,0,0,0,0,0,0,0,0,0,0,0,614,544,389,564,522,532,1091,1060,385,119,123,91,91,92,2109,1093,12816,11118,5089,2264,1854,133,29950,12849,29975,29976,29991,29992]} 1. d4 Nf6 2. Bf4 g6 3. e3 Bg7 4. Nf3 O-O 5. Be2 d6 6. h3 c5 7. Nc3 {A48: 1 d4 Nf6 2 Nf3 g6: Torre, London and Colle Systems} (7. Nbd2 cxd4 8. exd4 Nc6 9. c3 Re8 10. Nc4 Nd5 11. Bh2 b5 12. Ncd2 Rb8 13. O-O a6 14. Re1 h6 15. Bf1 Bf5 16. Ne4 Na5 17. a4 Nc4 18. axb5 axb5 {0-1 (86) Caruana,F (2822)-Vachier Lagrave,M (2779) Saint Louis 2018}) 7... a6 $146 ({Predecessor:} 7... b6 8. O-O Bb7 9. a4 Na6 10. Nb5 Nc7 11. Bh2 a6 12. Na3 Rb8 13. c3 Bc6 14. Nc4 Qc8 {0-1 (51) Agrest,E (2593)-Hjartarson,J (2540) chess.com INT 2017}) 8. a4 (8. dxc5 $14 dxc5 9. Qxd8 Rxd8 10. Na4) 8... d5 9. Ne5 {The position is equal.} Nc6 10. Nxc6 bxc6 11. Be5 cxd4 12. exd4 a5 13. g4 ({White should play} 13. Qd2 $15) 13... Qb6 14. Ra3 (14. Qd2 $15) 14... Ne4 (14... Ne8 $17 15. O-O Bxe5 16. dxe5 Nc7) 15. Rb3 $11 Nxc3 (15... Qa7 $1 $15 16. Bxg7 Kxg7) 16. Rxb6 $14 Nxd1 17. Bxg7 Kxg7 18. Kxd1 Bd7 $1 19. Rb7 Rfd8 20. b3 Rab8 21. Ra7 Ra8 22. Rxa8 Rxa8 $11 {[%mdl 4096] Endgame KRB-KRB} 23. c3 Kf6 24. f4 Ke6 25. Kd2 Kd6 26. Rb1 f6 27. Bd1 e5 28. fxe5+ fxe5 29. dxe5+ Kxe5 30. b4 d4 31. Bc2 dxc3+ 32. Kxc3 axb4+ 33. Kxb4 c5+ 34. Ka3 $1 Ra7 35. Rf1 Bc6 36. h4 Kd4 37. Bb3 Re7 38. Rd1+ Ke5 $2 {[%mdl 8192]} (38... Kc3 $11) 39. Re1+ $1 $18 Kd6 40. Rxe7 Kxe7 {KB-KB} 41. g5 Kd6 42. Bg8 Be8 43. Bxh7 $2 (43. Kb3 $1 $18) 43... Bf7 $16 44. h5 gxh5 45. g6 Bd5 $2 {[%mdl 8192] [#]} (45... Be6 $16) 46. g7 $1 $18 h4 {[#]} 47. Be4 $1 {[%mdl 512] White wants to mate with Bxd5.} Bg8 (47... Bxe4 48. g8=Q) 48. a5 Kc7 {[#]} 49. Ka4 $2 (49. Bg2 $1 $18 {is the precise move to win. Strongly threatening Ka4.} Bf7 50. Bf1) 49... Bc4 $2 {[%mdl 8192] [#]} (49... h3 $16) 50. Bg2 {Played: Be4-d3} 1-0

[Event "Turkish Club Cup 2019"]
[Site "Konya"]
[Date "2019.07.17"]
[Round "2"]
[White "Ererdem, Gani Eren"]
[Black "Severcan, Sedat Sabri"]
[Result "1/2-1/2"]
[WhiteElo "2140"]
[BlackElo "1885"]
[Annotator "TA"]
[PlyCount "59"]
[EventDate "2019.07.16"]
[EventType "team-tourn"]
[EventCountry "TUR"]
[SourceTitle "playchess.com"]
[Source "ChessBase"]
[SourceQuality "1"]

{[%evp 16,59,47,20,21,0,19,-4,50,0,10,0,16,0,0,0,0,-15,-10,-17,25,7,32,25,44,38,104,47,112,181,150,77,84,78,75,-51,-36,-203,-66,-183,-206,-217,-222,-366,-360,-352]} 1. d4 Nf6 2. c4 g6 3. g3 Bg7 4. Bg2 O-O 5. Nf3 c6 6. O-O d5 7. b3 Ne4 8. Bb2 Nd7 9. Nfd2 Ndf6 {D78: Fianchetto Grünfeld: 6 0-0 c6} 10. f3 (10. Nc3 Nxd2 11. Qxd2 Be6 12. cxd5 cxd5 13. Qd3 Qd7 14. Qb5 Rfd8 15. Rac1 Bf5 16. Rfd1 Bh6 17. e3 Ne4 18. Qxd7 Rxd7 {½-½ (44) Fridman,R (2479)-Schaefer,M (2407) Germany 2016}) 10... Nxd2 11. Qxd2 Be6 ({Black should play} 11... dxc4 $11 12. bxc4 Qb6) 12. cxd5 $146 ({Predecessor:} 12. Na3 Qd7 13. Rfe1 Bh3 14. e4 dxe4 15. fxe4 Rfd8 16. e5 Ne8 17. Qe2 {½-½ (45) Klee,M-Schormann,C (2120) Kassel 1994}) 12... cxd5 13. Nc3 Qd7 14. Rad1 Bh3 15. e4 Bxg2 16. Kxg2 dxe4 17. fxe4 Ng4 {Hoping for ...Bh6.} 18. Qe2 Rad8 19. h3 Nf6 20. d5 e5 ({Better is} 20... Nh5 $14) 21. Rf3 (21. Ba3 $16) 21... Nh5 (21... Ne8 $1 $14) 22. Ba3 $16 Rfe8 23. Rdf1 (23. Nb5 $142) 23... f5 24. d6 {[%cal Re4f5]} ({Much worse is} 24. exf5 gxf5 25. d6 (25. Rxf5 $2 Nf4+ 26. R5xf4 exf4 $19) 25... f4 $11) 24... f4 25. Nd5 (25. g4 $16 Ng3 26. Rxg3 fxg3 27. Qc4+ Qe6 28. Nd5) 25... Nxg3 $15 {[%mdl 64] [#] Double Attack} 26. Qc4 $2 ({White has to play} 26. Rxg3 $15 fxg3 27. Kxg3) 26... Kh8 ({Black should try} 26... b5 $19 27. Nf6+ Kh8) 27. Rxg3 (27. R1f2 $15) 27... fxg3 $19 28. Nc7 {Rf7 is the strong threat.} Rf8 29. Qe6 (29. Kxg3 {was the only defense.} Rf4 30. Rc1) 29... Rxf1 30. Kxf1 {[%mdl 32768] Accuracy: White = 10%, Black = 41%. . An unexpected result.} 1/2-1/2

[Event "Turkish Club Cup 2019"]
[Site "Konya"]
[Date "2019.07.17"]
[Round "2"]
[White "Cetinkaya, Vedat Ali"]
[Black "Kara, Ibrahim Afsin"]
[Result "1-0"]
[WhiteElo "2074"]
[BlackElo "1900"]
[Annotator "NA"]
[PlyCount "61"]
[EventDate "2019.07.16"]
[EventType "team-tourn"]
[EventCountry "TUR"]
[SourceTitle "playchess.com"]
[Source "ChessBase"]
[SourceQuality "1"]
[TimeControl "5400+30"]

1. d4 {[%emt 0:00:30]} b6 {[%emt 0:00:30]} 2. e4 {[%emt 0:00:30]} Bb7 {[%emt 0:00:30]} 3. Bd3 {[%emt 0:00:30]} e6 {[%emt 0:00:30]} 4. Nf3 {[%emt 0:01:30]} d6 {[%emt 0:01:30]} 5. Qe2 {[%emt 0:01:30]} (5. O-O Nd7 6. Re1 g6 7. Nbd2 Bg7 8. c3 a6 9. Nf1 e5 10. h3 Ngf6 11. Ng3 O-O 12. Bg5 h6 13. Be3 Re8 14. Qc2 Qe7 {½-½ (14) Alekseev,E (2620)-Kamsky,G (2675) St Petersburg 2018}) 5... Nd7 {[%emt 0:00:30]} 6. Bf4 {[%emt 0:02:30] B00: Queen's Fianchetto Defence, Nimzowitsch Defence} Ne7 $146 {[%emt 0:02:30]} ({Predecessor:} 6... a6 7. Nbd2 Ne7 8. Bg3 g6 9. c3 Bg7 10. h4 h6 11. Bc2 Qb8 12. Bf4 Qa7 {0-1 (42) Bernasek,J (2446)-Blatny,P (2483) Brno 2006}) 7. Bg5 {[%emt 0:03:30]} c6 {[%emt 0:05:30]} 8. Nbd2 {[%emt 0:03:30]} Qc7 {[%emt 0:02:30]} 9. Bh4 {[%emt 0:05:30]} f6 {[%emt 0:02:30]} 10. g4 {[%emt 0:06:30]} e5 {[%emt 0:10:30]} 11. g5 {[%emt 0:01:30]} Ng6 {[%emt 0:02:30]} 12. Bg3 {[%emt 0:03:30]} O-O-O {[%emt 0:01:30]} 13. O-O-O {[%emt 0:03:30]} Re8 {[%emt 0:01:30]} 14. h4 {[%emt 0:01:30]} h5 {[%emt 0:10:30]} 15. Bc4 {[%emt 0:07:30]} d5 {[%emt 0:07:30]} 16. exd5 {[%emt 0:02:30]} cxd5 {[%emt 0:00:30]} 17. Bd3 {[%emt 0:00:30]} Nf4 {[%emt 0:05:30]} 18. Bxf4 {[%emt 0:00:30]} Bd6 {[%emt 0:00:30]} 19. Bg6 {[%emt 0:01:30]} Re7 {[%emt 0:01:30]} 20. Be3 {[%emt 0:01:30]} Kb8 {[%emt 0:06:30]} 21. Bf5 {[%emt 0:03:30]} Rc8 {[%emt 0:04:30]} 22. Nb3 $18 {[%emt 0:02:30]} Ba6 {[%emt 0:01:30]} 23. Qxa6 {[%emt 0:02:30]} g6 {[%emt 0:03:30]} 24. Bxg6 {[%emt 0:00:30]} f5 {[%emt 0:01:30]} 25. Ne1 {[%emt 0:01:30]} Bb4 {[%emt 0:06:30]} 26. Bxf5 {[%emt 0:02:30]} e4 {[%emt 0:01:03]} 27. Bd2 {[%emt 0:00:30]} Bxd2+ {[%emt 0:04:55]} 28. Rxd2 {[%emt 0:00:30]} Qf4 {[%emt 0:00:24]} 29. Bxd7 {[%emt 0:00:30]} Rxd7 {[%emt 0:00:07]} 30. Qb5 {[%emt 0:00:30]} Qf5 {[%emt 0:01:24]} 31. Ng2 {[%emt 0:01:30]} 1-0

[Event "Turkish Club Cup 2019"]
[Site "Konya"]
[Date "2019.07.17"]
[Round "2"]
[White "Gulsoy, Mustafa Alpago"]
[Black "Demirbas, Fatih"]
[Result "1-0"]
[WhiteElo "2069"]
[BlackElo "1742"]
[Annotator "NA"]
[PlyCount "115"]
[EventDate "2019.07.16"]
[EventType "team-tourn"]
[EventCountry "TUR"]
[SourceTitle "playchess.com"]
[Source "ChessBase"]
[SourceQuality "1"]
[TimeControl "5400+30"]

1. e4 {[%emt 0:00:30]} d6 {[%emt 0:00:30]} 2. d4 {[%emt 0:00:30]} Nf6 {[%emt 0:00:30]} 3. Nc3 {[%emt 0:00:30]} e5 {[%emt 0:00:00]} 4. dxe5 {[%emt 0:03:30]} dxe5 {[%emt 0:00:00]} 5. Qxd8+ {[%emt 0:00:30]} Kxd8 {[%emt 0:00:00]} 6. Bg5 {[%emt 0:00:30]} Be6 {[%emt 0:00:00]} 7. Nf3 {[%emt 0:00:30]} Nbd7 {[%emt 0:00:00]} 8. O-O-O {[%emt 0:00:30]} Kc8 {[%emt 0:00:00]} 9. a3 {[%emt 0:01:30] B07: Pirc Defence: Miscellaneous Systems} (9. Bh4 h6 10. Bxf6 gxf6 11. Nh4 c6 12. Kb1 Kc7 13. Ne2 Bc5 14. f3 Nf8 15. Ng3 Ng6 16. Ngf5 Rad8 17. Rxd8 Rxd8 {0-1 (29) Babarykin,S (2411)-Savchenko,B (2562) Moscow 2019}) 9... c6 {[%emt 0:01:30]} 10. Bh4 {[%emt 0:05:30]} Bc5 {[%emt 0:01:30]} 11. h3 {[%emt 0:03:30]} Nh5 $146 {[%emt 0:11:30]} ({Predecessor:} 11... b5 12. b4 Be7 13. Nb1 a5 14. c3 Bb3 15. Rd2 Re8 16. Bd3 Bf8 {1-0 (33) Udvardi,Z (1992)-Monus,Z (2030) Hungary 2016}) 12. Na4 {[%emt 0:06:30]} Bb6 $1 {[%emt 0:19:30]} 13. Nxb6+ {[%emt 0:05:30]} axb6 {[%emt 0:00:30]} 14. Ng5 {[%emt 0:01:30]} b5 {[%emt 0:07:30]} 15. Nxe6 {[%emt 0:03:30]} fxe6 {[%emt 0:00:00]} 16. Be2 {[%emt 0:06:30]} Nf4 {[%emt 0:04:00]} 17. Bg4 {[%emt 0:03:30]} h5 {[%emt 0:01:30]} 18. Bf3 {[%emt 0:00:00]} Nf6 {[%emt 0:04:30]} 19. g3 {[%emt 0:08:00]} Ng6 {[%emt 0:00:30]} 20. Bg5 {[%emt 0:03:30]} Kc7 {[%emt 0:02:30]} 21. Rd3 {[%emt 0:02:30]} Rad8 {[%emt 0:02:30]} 22. Rxd8 {[%emt 0:01:30]} Kxd8 {[%emt 0:00:30]} 23. Rd1+ {[%emt 0:00:30]} Kc7 {[%emt 0:00:00]} 24. Kd2 {[%emt 0:00:00]} Nf8 {[%emt 0:01:00]} 25. Ke3 {[%emt 0:01:00]} N8d7 {[%emt 0:00:00]} 26. Be2 {[%emt 0:00:30]} Ra8 {[%emt 0:11:00]} 27. Bxf6 $14 {[%emt 0:06:30]} ({White should play} 27. f4 $16) 27... Nxf6 {[%emt 0:00:30]} 28. f4 {[%emt 0:00:30]} g6 {[%emt 0:12:30]} 29. fxe5 {[%emt 0:02:30]} Nd7 {[%emt 0:00:30]} 30. c4 {[%emt 0:01:30]} bxc4 {[%emt 0:02:18]} 31. Bxc4 {[%emt 0:00:30]} Re8 {[%emt 0:00:00]} 32. Kf4 {[%emt 0:07:30]} Rf8+ {[%emt 0:11:03]} 33. Kg5 {[%emt 0:00:30]} Rf3 {[%emt 0:00:20]} 34. Rd3 {[%emt 0:00:30]} Rxd3 {[%emt 0:01:36]} 35. Bxd3 {[%emt 0:00:30]} Nxe5 {[%emt 0:00:30]} 36. Be2 {[%emt 0:00:00]} Kd6 {[%emt 0:00:00]} 37. Kf6 {[%emt 0:00:00]} c5 {[%emt 0:03:09]} 38. b3 {[%emt 0:00:00]} b6 {[%emt 0:01:48]} 39. a4 {[%emt 0:00:00]} Nd7+ {[%emt 0:02:08]} 40. Kxg6 {[%emt 0:00:30]} Ke5 {[%emt 0:00:02]} 41. Kxh5 {[%emt 0:01:30]} Nf6+ {[%emt 0:02:21]} 42. Kg6 {[%emt 0:00:30]} Nxe4 {[%emt 0:00:00]} 43. g4 {[%emt 0:00:30]} Kf4 {[%emt 0:00:52]} 44. h4 {[%emt 0:00:30]} Nc3 {[%emt 0:00:51]} 45. h5 {[%emt 0:01:30]} Nxe2 {[%emt 0:00:50]} 46. h6 {[%emt 0:00:30]} e5 {[%emt 0:00:28]} 47. h7 {[%emt 0:00:30]} Kxg4 {[%emt 0:00:30]} 48. h8=Q {[%emt 0:00:00]} Nf4+ {[%emt 0:00:08]} 49. Kf6 {[%emt 0:00:00]} e4 {[%emt 0:00:14]} 50. Qe8 {[%emt 0:00:30]} e3 {[%emt 0:00:40]} 51. Qc8+ {[%emt 0:01:30]} Kf3 {[%emt 0:00:38]} 52. Kg5 {[%emt 0:04:30]} Ng2 {[%emt 0:00:27]} 53. Qc6+ {[%emt 0:00:30]} Kf2 {[%emt 0:00:22]} 54. Kg4 {[%emt 0:01:30]} Ne1 {[%emt 0:00:21]} 55. Qxb6 {[%emt 0:00:30]} Nd3 {[%emt 0:00:50]} 56. Qd6 {[%emt 0:00:30]} e2 {[%emt 0:00:40]} 57. Qxd3 {[%emt 0:00:00]} e1=Q {[%emt 0:00:27]} 58. Qg3+ {[%emt 0:00:00]} 1-0

[Event "Turkish Club Cup 2019"]
[Site "Konya"]
[Date "2019.07.17"]
[Round "2"]
[White "Celik, Abdullah"]
[Black "Ercan, Mehmet Fahri"]
[Result "1-0"]
[WhiteElo "2054"]
[BlackElo "1883"]
[Annotator "NA"]
[PlyCount "99"]
[EventDate "2019.07.16"]
[EventType "team-tourn"]
[EventCountry "TUR"]
[SourceTitle "playchess.com"]
[Source "ChessBase"]
[SourceQuality "1"]
[TimeControl "5400+30"]

1. d4 {[%emt 0:00:30]} Nf6 {[%emt 0:01:30]} 2. Bg5 {[%emt 0:00:00]} h6 {[%emt 0:00:00]} 3. Bxf6 {[%emt 0:01:00]} gxf6 {[%emt 0:00:00]} 4. e3 {[%emt 0:14:30]} b6 {[%emt 0:05:30]} 5. Nc3 {[%emt 0:20:30]} e6 {[%emt 0:02:30]} 6. d5 {[%emt 0:08:30]} e5 {[%emt 0:02:30]} 7. Qh5 {[%emt 0:01:30]} d6 {[%emt 0:06:30]} 8. Bb5+ {[%emt 0:02:30]} Bd7 {[%emt 0:05:30]} 9. Bxd7+ {[%emt 0:07:30]} Nxd7 {[%emt 0:00:30]} 10. Nge2 {[%emt 0:05:30]} Rg8 {[%emt 0:05:30]} 11. Ne4 {[%emt 0:00:30]} Nc5 {[%emt 0:04:30]} 12. N2g3 {[%emt 0:01:30]} Rg6 {[%emt 0:00:30]} 13. Nxc5 {[%emt 0:04:30]} bxc5 {[%emt 0:00:30]} 14. e4 {[%emt 0:02:30]} Rb8 {[%emt 0:01:30]} 15. O-O-O {[%emt 0:02:30]} Qd7 {[%emt 0:01:30]} 16. Qf3 {[%emt 0:01:30]} Qa4 {[%emt 0:08:30]} 17. Kb1 {[%emt 0:00:30]} Rb4 {[%emt 0:17:30]} 18. a3 {[%emt 0:03:30]} Rb8 {[%emt 0:07:30]} 19. Rhg1 {[%emt 0:00:51]} a5 {[%emt 0:08:38]} 20. h4 $16 {[%emt 0:01:35]} (20. Rd3 $18 {has better winning chances.}) 20... h5 {[%emt 0:05:39]} 21. Nxh5 {[%emt 0:02:15]} Qb5 {[%emt 0:00:48]} 22. Qc3 {[%emt 0:00:37]} Qe2 {[%emt 0:02:45]} 23. Qf3 {[%emt 0:02:33]} Qxf3 {[%emt 0:00:30]} 24. gxf3 {[%emt 0:00:30]} Rh6 {[%emt 0:00:30]} 25. Ng3 {[%emt 0:09:09]} Rxh4 {[%emt 0:03:58]} 26. Rh1 {[%emt 0:00:14]} Rf4 {[%emt 0:05:05]} 27. Rd3 {[%emt 0:00:22]} Rd8 {[%emt 0:02:15]} 28. Nh5 {[%emt 0:00:15]} Bh6 {[%emt 0:00:16]} 29. Nxf4 {[%emt 0:00:42]} Bxf4 {[%emt 0:00:03]} 30. Rh8+ {[%emt 0:00:00]} Ke7 {[%emt 0:00:41]} 31. Rxd8 {[%emt 0:00:00]} Kxd8 {[%emt 0:00:00]} 32. Rb3 {[%emt 0:00:37]} Bd2 {[%emt 0:01:01]} 33. c3 {[%emt 0:00:35]} Kc8 {[%emt 0:00:46]} 34. Rb5 {[%emt 0:00:24]} a4 {[%emt 0:00:29]} 35. Kc2 {[%emt 0:03:41]} Be1 {[%emt 0:00:13]} 36. Ra5 {[%emt 0:01:33]} Kb7 {[%emt 0:00:08]} 37. Rxa4 {[%emt 0:00:21]} Bxf2 {[%emt 0:00:42]} 38. Kd3 {[%emt 0:00:21]} Bh4 {[%emt 0:00:33]} 39. b4 {[%emt 0:00:53]} Bf2 {[%emt 0:00:36]} 40. Kc4 {[%emt 0:00:27]} Be3 {[%emt 0:00:41]} 41. Ra5 {[%emt 0:00:44]} cxb4 {[%emt 0:00:49]} 42. axb4 {[%emt 0:00:56]} Bg5 {[%emt 0:00:52]} 43. Kb5 {[%emt 0:00:35]} Bd2 {[%emt 0:00:28]} 44. c4 {[%emt 0:00:23]} Be3 {[%emt 0:00:34]} 45. Ra1 {[%emt 0:00:13]} Bd4 {[%emt 0:00:51]} 46. Rh1 {[%emt 0:00:07]} Be3 {[%emt 0:00:28]} 47. Rh7 {[%emt 0:00:07]} Bf4 {[%emt 0:00:19]} 48. Rxf7 {[%emt 0:00:32]} Bg5 {[%emt 0:00:03]} 49. c5 {[%emt 0:00:00]} dxc5 {[%emt 0:00:43]} 50. bxc5 {[%emt 0:00:08]} 1-0

[Event "Turkish Club Cup 2019"]
[Site "Konya"]
[Date "2019.07.17"]
[Round "2"]
[White "Kucuk, Dogan"]
[Black "Yalcin, Ozgun"]
[Result "0-1"]
[WhiteElo "2028"]
[BlackElo "1881"]
[Annotator "NA"]
[PlyCount "56"]
[EventDate "2019.07.16"]
[EventType "team-tourn"]
[EventCountry "TUR"]
[SourceTitle "playchess.com"]
[Source "ChessBase"]
[SourceQuality "1"]
[TimeControl "5400+30"]

1. e4 {[%emt 0:00:30]} c5 {[%emt 0:00:30]} 2. Nf3 {[%emt 0:00:30]} d6 {[%emt 0:00:00]} 3. d3 {[%emt 0:00:30]} g6 {[%emt 0:01:00]} 4. g3 {[%emt 0:00:00]} Bg7 {[%emt 0:00:30]} 5. Bg2 {[%emt 0:00:00]} Nc6 {[%emt 0:00:00]} 6. O-O {[%emt 0:00:30]} e5 {[%emt 0:00:00]} 7. c3 {[%emt 0:02:30]} Nge7 {[%emt 0:00:00]} 8. Be3 {[%emt 0:02:30]} O-O {[%emt 0:03:00]} 9. d4 {[%emt 0:01:30]} (9. Re1 $11 {keeps the balance.}) 9... exd4 {[%emt 0:10:30]} 10. cxd4 {[%emt 0:00:30]} Bg4 {[%emt 0:00:30]} 11. dxc5 {[%emt 0:11:30]} Bxf3 {[%emt 0:14:30]} 12. Qxf3 {[%emt 0:13:30]} Bxb2 {[%emt 0:09:30]} 13. Nd2 {[%emt 0:01:30]} Bxa1 {[%emt 0:05:30]} 14. Rxa1 {[%emt 0:01:30]} dxc5 {[%emt 0:02:30]} 15. Bh6 {[%emt 0:04:30]} Nd4 {[%emt 0:19:30] [#]} 16. Qg4 $19 {[%emt 0:09:30]} (16. Qf6 $1 $17 {[%mdl 512] was worth a try.} Ne2+ 17. Kf1) 16... Re8 {[%emt 0:05:30]} 17. Rb1 {[%emt 0:08:30]} b6 {[%emt 0:03:30]} 18. Bg5 {[%emt 0:11:30]} Ne6 {[%emt 0:02:30]} 19. Be3 {[%emt 0:00:00]} Nc6 {[%emt 0:03:38]} 20. f4 {[%emt 0:01:00]} Qd3 {[%emt 0:00:57]} 21. Kf2 {[%emt 0:05:30]} Ned4 {[%emt 0:02:40]} 22. e5 {[%emt 0:03:30]} Rad8 {[%emt 0:02:53]} 23. Be4 {[%emt 0:01:40]} Qc3 {[%emt 0:01:25]} 24. h4 {[%emt 0:02:45]} f5 {[%emt 0:00:42]} 25. exf6 {[%emt 0:00:30]} Nf5 {[%emt 0:00:30]} 26. f7+ {[%emt 0:00:30]} Kxf7 {[%emt 0:00:30]} 27. Nf3 {[%emt 0:00:30]} Qxe3+ {[%emt 0:00:30]} 28. Kg2 {[%emt 0:00:30]} Qxe4 {[%emt 0:00:30]} 0-1

[Event "Turkish Club Cup 2019"]
[Site "Konya"]
[Date "2019.07.17"]
[Round "2"]
[White "Caputcuoglu, Zeki Berke"]
[Black "Malgac, Omer Beyazit"]
[Result "1-0"]
[WhiteElo "2010"]
[BlackElo "1477"]
[Annotator "NA"]
[PlyCount "117"]
[EventDate "2019.07.16"]
[EventType "team-tourn"]
[EventCountry "TUR"]
[SourceTitle "playchess.com"]
[Source "ChessBase"]
[SourceQuality "1"]
[TimeControl "5400+30"]

1. Nf3 {[%emt 0:00:30]} Nf6 {[%emt 0:00:30]} 2. d4 {[%emt 0:00:30]} d5 {[%emt 0:00:00]} 3. c4 {[%emt 0:00:30]} e6 {[%emt 0:01:00]} 4. Nc3 {[%emt 0:00:30]} c5 {[%emt 0:00:30]} 5. cxd5 {[%emt 0:00:30]} exd5 {[%emt 0:02:30]} 6. g3 {[%emt 0:00:30]} Nc6 {[%emt 0:01:30]} 7. Bg2 {[%emt 0:00:30]} Bg4 {[%emt 0:06:30]} 8. Bg5 {[%emt 0:05:30]} Bxf3 {[%emt 0:05:30] D33: Tarrasch Defence: 6 g3 sidelines} 9. Bxf3 {[%emt 0:00:30]} cxd4 {[%emt 0:00:30]} (9... Nxd4 10. Bxd5 Be7 11. Bxf6 Bxf6 12. O-O O-O 13. e3 Ne6 14. Qb3 Qe7 15. Bg2 Bxc3 16. bxc3 {½-½ (37) Lupulescu,C (2617)-Bezold,M (2525) Germany 2011}) 10. Nxd5 {[%emt 0:01:30]} Qa5+ {[%emt 0:08:30]} 11. Bd2 {[%emt 0:00:30]} Qd8 {[%emt 0:00:30]} 12. Nxf6+ {[%emt 0:05:30]} Qxf6 {[%emt 0:05:30]} 13. Qb3 {[%emt 0:00:30]} Qe7 {[%emt 0:09:30]} 14. Rc1 $146 {[%emt 0:04:30]} ({Predecessor:} 14. O-O) 14... Rc8 {[%emt 0:03:30]} 15. O-O {[%emt 0:08:30]} g6 {[%emt 0:02:30]} 16. e3 {[%emt 0:10:30]} Bg7 {[%emt 0:01:30]} 17. exd4 {[%emt 0:00:30]} O-O {[%emt 0:01:30]} 18. Bxc6 {[%emt 0:00:30]} bxc6 {[%emt 0:03:30]} 19. Bb4 {[%emt 0:00:00]} Qb7 {[%emt 0:04:30]} 20. Bxf8 {[%emt 0:00:00] Discovered Attack} Qxb3 {[%emt 0:00:30]} 21. axb3 {[%emt 0:00:30]} Kxf8 {[%emt 0:00:00]} 22. Rfd1 {[%emt 0:03:30]} Ke7 {[%emt 0:02:00]} 23. b4 {[%emt 0:00:30]} Rb8 {[%emt 0:01:30]} 24. Rxc6 {[%emt 0:02:30]} Rxb4 {[%emt 0:00:30]} 25. d5 {[%emt 0:02:30]} (25. Rc7+ $142 Kf8 26. d5) 25... Kd7 {[%emt 0:01:30]} 26. Ra6 {[%emt 0:02:30]} Rb7 {[%emt 0:02:30]} 27. d6 {[%emt 0:02:30]} Be5 {[%emt 0:00:30]} 28. Rc1 {[%emt 0:01:30]} Bd4 {[%emt 0:02:30]} 29. Rc7+ {[%emt 0:00:30]} Rxc7 {[%emt 0:00:30]} 30. dxc7 {[%emt 0:00:30]} Kxc7 {[%emt 0:00:00]} 31. b3 {[%emt 0:00:30]} Bb6 {[%emt 0:03:00]} 32. Kg2 {[%emt 0:00:00]} Kc6 {[%emt 0:00:30]} 33. Ra4 {[%emt 0:01:00]} Kd5 {[%emt 0:00:30]} 34. g4 {[%emt 0:02:30]} g5 {[%emt 0:03:30]} 35. Kf3 {[%emt 0:00:30]} f6 {[%emt 0:04:30]} 36. Ke2 {[%emt 0:00:30]} Ke5 {[%emt 0:00:30]} 37. Rb4 {[%emt 0:02:30]} Kd5 {[%emt 0:05:50]} 38. f3 {[%emt 0:00:30]} Ke5 {[%emt 0:02:31]} 39. Kd3 {[%emt 0:00:30]} Kd5 {[%emt 0:00:28]} 40. Rb5+ {[%emt 0:00:30]} Ke6 {[%emt 0:00:38]} 41. Ke4 {[%emt 0:00:30]} h6 {[%emt 0:00:32]} 42. Rb4 $18 {[%emt 0:00:00]} h5 {[%emt 0:03:25]} 43. gxh5 {[%emt 0:00:00]} f5+ {[%emt 0:00:30]} 44. Kd3 {[%emt 0:00:30]} Kf6 {[%emt 0:00:48]} 45. Rc4 {[%emt 0:00:30]} f4 {[%emt 0:02:31]} 46. Rc6+ {[%emt 0:00:00]} Kf7 {[%emt 0:00:31]} 47. Ke4 {[%emt 0:00:00]} Bd8 {[%emt 0:02:11]} 48. Kf5 {[%emt 0:00:30]} Kg7 {[%emt 0:00:00]} 49. Rg6+ {[%emt 0:00:30]} Kh7 {[%emt 0:00:39]} 50. Rxg5 {[%emt 0:00:00]} Kh6 {[%emt 0:00:16]} 51. Rg8 {[%emt 0:00:00]} Bc7 {[%emt 0:00:14]} 52. Rh8+ {[%emt 0:00:30]} Kg7 {[%emt 0:00:06]} 53. Ra8 {[%emt 0:00:30]} Bb6 {[%emt 0:00:39]} 54. Kxf4 {[%emt 0:00:30]} Bc7+ {[%emt 0:00:30]} 55. Kg5 {[%emt 0:00:30]} Bxh2 {[%emt 0:00:30]} 56. Rxa7+ {[%emt 0:00:30]} Kh8 {[%emt 0:00:30]} 57. Kg6 {[%emt 0:00:30]} Bb8 {[%emt 0:00:30]} 58. Ra8 {[%emt 0:00:30]} Kg8 {[%emt 0:00:30]} 59. Rxb8# {[%emt 0:00:30]} 1-0

[Event "Turkish Club Cup 2019"]
[Site "Konya"]
[Date "2019.07.17"]
[Round "2"]
[White "Tezeren, Ahmet Bulent"]
[Black "Kinsiz, Onur"]
[Result "0-1"]
[WhiteElo "1955"]
[BlackElo "2210"]
[Annotator "TA"]
[PlyCount "56"]
[EventDate "2019.07.16"]
[EventType "team-tourn"]
[EventCountry "TUR"]
[SourceTitle "playchess.com"]
[Source "ChessBase"]
[SourceQuality "1"]

{[%evp 15,56,-19,-15,-44,-44,-49,-49,-53,-17,-91,-88,-86,-88,-116,-130,-131,-116,-207,-216,-188,-188,-212,-185,-268,-245,-316,-253,-313,-265,-290,-253,-274,-275,-278,-289,-310,-330,-511,-520,-1048,-1048,-1077,-1053]} 1. e4 c5 2. c3 g6 3. Nf3 Bg7 4. g3 Nc6 5. Bg2 e5 6. O-O Nge7 7. d3 d6 8. Nbd2 O-O 9. Ne1 {A04: Unusual lines after 1 Nf3 and King's Indian Attack} (9. Re1 h6 10. a3 f5 11. b4 b6 12. Bb2 f4 13. d4 g5 14. bxc5 dxc5 15. dxc5 g4 16. Nh4 f3 17. Bf1 Be6 {1-0 (29) Nakamura,H (2791)-Vachier Lagrave,M (2819) chess.com INT 2016}) 9... Be6 10. Nc2 Qd7 $146 ({Predecessor:} 10... f5 11. f4 exf4 12. gxf4 Qd7 13. Ne3 d5 14. exd5 Nxd5 15. Nb3 b6 16. Nc4 Rad8 {0-1 (24) Soilemetzidis,K (1909)-Obodchuk,A (2374) Paracin 2014}) 11. Ne3 {Black is slightly better.} Rad8 12. Nf3 (12. Nd5 $11 {remains equal.}) 12... h6 $17 13. Ne1 d5 14. Qc2 d4 15. Nd1 c4 16. cxd4 (16. Qa4 $17 {keeps fighting.}) 16... Nxd4 $19 17. Qd2 cxd3 18. Qxd3 Qc8 {[#] Strongly threatening ...Bc4.} 19. Qe3 (19. Be3 $142) 19... Bc4 20. Nc3 f5 ({But not} 20... Bxf1 21. Bxf1 f5 22. exf5 $19) 21. f3 f4 22. Qf2 g5 23. Kh1 Bxf1 24. Bxf1 g4 25. gxf4 exf4 26. Nd3 (26. fxg4 {is a better defense.} Qxg4 27. Bd2) 26... Nxf3 {Black is clearly winning.} 27. Nxf4 (27. Bxf4 $142 Bxc3 28. bxc3 Rxd3 {[%mdl 64] Remove Defender} 29. Bxd3 Rxf4 30. Qe3) 27... Bxc3 28. bxc3 Rd1 {Accuracy: White = 24%, Black = 78%.} 0-1